000 00286nam a22001337a 4500
008 170424b xxu||||| |||| 00| 0 eng d
020 _a0935702474
041 _aeng
080 _a54
100 _a12
101 _aSHM
245 _aORGANIC CHEMISTRY
_cSORRELL, TH.N
942 _2udc
_cBK
999 _c11624
_d11624